000
00264 a2200109 4500
005
20251226171157.0
020
_a
978-0195074970
100
_a
Pisacane, Vincent L.
245
_a
Fundamentals of Space Systems
260
_b
Oxford University Press
_c
1994
942
_c
BK
999
_c
36635
_d
36635